=LDR 00000nam 2200000 4500 =001 INLIS000000000050088 =005 20170419085754.0 =006 =007 =008 =020 ##$$a 978-979-25-4903-4 =035 ##$$0010-041700000000278 =040 ##$$a NBPDMAT =082 ##$$a 370.15 =090 ##$$a 370.15 Pra p =100 ##$$a Prawira, Purwa Atmaja =245 ##$$a Psikologi Pendidikan Dalam Perspektif Baru / $c Purwa Atmaja Prawira =250 ##$$a Cet.3 =260 ##$$a Yogyakaarta : $b Ar-Ruz Media , $c 2012 =300 ##$$a 446 hlm.; $c 21 cm. =650 ##$$a Psikologi Pendidikan